Histoire de la Conquête du Mexique, ou de la Nouvelle Espagne (Record no. 3278)

MARC details
000 -CABECERA
campo de control de longitud fija 01127nam a2200289 a 4500
001 - NÚMERO DE CONTROL
campo de control BRCA_3543
005 - FECHA Y HORA DE LA ÚLTIMA TRANSACCIÓN
campo de control 20190320204327.0
008 - DATOS DE LONGITUD FIJA--INFORMACIÓN GENERAL
campo de control de longitud fija 300709s1759----fr-#---###---#000-0#fre-#
041 ## - CÓDIGO DE LENGUA
Código de lengua del texto/banda sonora o título independiente fre
044 ## - CÓDIGO DEL PAÍS DE LA ENTIDAD EDITORA/PRODUCTORA
Código MARC del país fr
050 #4 - SIGNATURA TOPOGRÁFICA DE LA BIBLIOTECA DEL CONGRESO
Número de clasificación F1219
Número de documento/Ítem .C67 1 1759
100 1# - ENTRADA PRINCIPAL--NOMBRE DE PERSONA
Nombre de persona Cortez, Fernand
Fechas asociadas al nombre 1485-1547
9 (RLIN) 9191
245 10 - MENCIÓN DE TÍTULO
Título Histoire de la Conquête du Mexique, ou de la Nouvelle Espagne
Mención de responsabilidad, etc. par Fernand Cortez.
250 ## - MENCIÓN DE EDICIÓN
Mención de edición 6
260 ## - PUBLICACIÓN, DISTRIBUCIÓN, ETC.
Lugar de publicación, distribución, etc. París
Nombre del editor, distribuidor, etc. Compagnie des Libraires
Fecha de publicación, distribución, etc. 1759
300 ## - DESCRIPCIÓN FÍSICA
Extensión 2 v.
Otras características físicas il., 12 láminas
Dimensiones 17 cm.
500 ## - NOTA GENERAL
Nota general Traduite de l´espagnol de Dom Antoine de Solis, par l´auteur du Triumvirat
500 ## - NOTA GENERAL
Nota general Dos ejemplares (Tomo I y Tomo II) inventariados por el Banco de México como un solo libro
500 ## - NOTA GENERAL
Nota general Cada volumen cuenta con un ex-libris en la primera guarda de ´Ex-libris Henr. Petit. Doct. Med. Sueffionaei´
500 ## - NOTA GENERAL
Nota general Estado físico: esquina inferior rota (v.2, p. 515)
500 ## - NOTA GENERAL
Nota general Ejemplar igual a C119 (resguardado en Caja Fuerte)
500 ## - NOTA GENERAL
Nota general Ver también B358 y S108
500 ## - NOTA GENERAL
Nota general B210
651 #4 - PUNTO DE ACCESO ADICIONAL DE MATERIA--NOMBRE GEOGRÁFICO
Nombre geográfico México
Subdivisión general Historia
Subdivisión cronológica Conquista, 1519-1540
9 (RLIN) 442
902 ## - CATALOGADOR
Iniciales GFM
942 ## - ELEMENTOS DE PUNTO DE ACCESO ADICIONAL (KOHA)
Fuente del sistema de clasificación o colocación Library of Congress Classification
Tipo de ítem Koha Libros
Holdings
Estado de retiro Estado de pérdida Estado dañado No para préstamo Localización permanente Ubicación/localización actual Fecha de adquisición Número de inventario Total de préstamos Signatura topográfica completa Código de barras Fecha visto por última vez Precio válido a partir de Tipo de ítem Koha
El ejemplar forma parte de la colección y puede ser consultado según las políticas vigentes.       Biblioteca del Museo Franz Mayer (Rogerio Casas-Alatriste) Biblioteca del Museo Franz Mayer (Rogerio Casas-Alatriste) 30/07/2009 B210   F1219 .C67 1 1759 (B210) 3540 22/03/2019 22/03/2019 Libros